000 00605nam a22002057a 4500
003 OSt
005 20161006134652.0
008 161006b xxu||||| |||| 00| 0 eng d
020 _a9781585622054
040 _cDMLN
082 _aWM308 L615r 2008
100 _aLiberman, Robert Paul
_911151
245 _aRecovery from Disability: manual of psychiatric rehabilitation
260 _aWashigton DC; American Psychiatric publishing, 2008
300 _axl,588p; ill: 25cm
504 _aReferences, & index included
650 _aRehabilitation
_910549
650 _aPsychiatry
_9351
942 _2z
_cO_SHELF
999 _c5313
_d5313